Brankár pre simulovaný robotický futbal

Salvato in:
Dettagli Bibliografici
Autore principale: Moravčík, Roman, 1990- (Autore)
Altri autori: Kapustík, Ivan, 1965- (Relatore della tesi)
Natura: Manoscritto Libro
Lingua:slovacco
Pubblicazione: Bratislava : STU v Bratislave FIIT, 2013
Soggetti:
Accesso online:VAIS
Tags: Aggiungi Tag
Nessun Tag, puoi essere il primo ad aggiungerne!!

MARC

LEADER 00000ntm a22000003a 4500
001 stu275721
005 20150617230235.6
008 131005s2013----xo------------------slo-d
040 |a STU  |b slo 
041 0 |a slo 
044 |a xo 
100 1 |a Moravčík, Roman,  |d 1990-  |4 aut  |u I  |T FIIT Fakulta informatiky a informačných technológií  |X 64408  |U I  |Y 70  |7 A000064408 
242 0 0 |a The Goalkeeper for simulated robotic football  |y eng 
245 1 |a Brankár pre simulovaný robotický futbal 
260 |a Bratislava :  |b STU v Bratislave FIIT,  |c 2013 
300 |a 36 s  |c príl. 
650 7 |a informatika  |2 stusub 
650 7 |a Informatics  |2 estusub 
700 1 |a Kapustík, Ivan,  |d 1965-  |4 ths  |u I200  |U FIIT Fakulta informatiky a informačných technológií  |T FIIT Ústav informatiky a softvérového inžinierstva  |X 111  |U I200  |Y 179  |7 111 
856 4 |a info a plný text  |u http://is.stuba.sk/zp/portal_zp.pl?podrobnosti=65240  |3 VAIS 
996 |b IBAP28/13  |c I*BAP28/13  |l II680  |s A  |a 24  |w stu275721_0001